000 01119cam a22002054a 4500
005 20250605164110.0
008 250528s ||||||||||||||||||||||||d
035 _a17878
020 _a9780750681735
040 _aGR-AtMCL
_bgre
_dGR-AtMCL
_eAACR2
245 1 _aHR Leadership / Linda's Combination of Practical Example and Well-Argued Theory is a Powerful Mix
250 _a1st
260 _bButterworth Heinemann,
_c2010
300 _a244
520 _aThis book draws on the personal experiences of some of today's most talented HR professionals who, through their leadership, are making a real difference to their organizations, no matter what industry they work in. Foreword, Acknowledgements, Introduction, The Time is Now, Who are the HR Leaders, Exercising HR Leadership, Leading for Strategic and Operational Excellence, Leading the Talent Agenda, Building Leadership Capability, Leading Change, Building Healthy and Ethical Organizations, Developing HR Leader Capabilities, The Future of HR?, References, Index.
700 1 _aHolbeche Linda
_94174
942 _cBK
999 _c3277
_d3277